| 000 | 00942nam a22002295i 4500 | ||
|---|---|---|---|
| 001 | 156477 | ||
| 003 | ES-MaACL | ||
| 005 | 20231112112806.0 | ||
| 008 | 150120s2005 sp |||| | spa d | ||
| 020 | _a84-933594-5-9 | ||
| 080 | _a726.71(460.184) | ||
| 100 | 1 |
_aRegueras Grande, Fernando. _9156140 |
|
| 245 | 1 | 0 |
_aSanta Marta de Tera _b: monasterio e iglesia, abadía y palacio / _cFernando Regueras Grande. |
| 260 |
_aBenavente : _bCentro de Estudios Benaventanos "Ledo del Pozo", _c2005 [i.e. 2006] |
||
| 300 |
_a145 p. : _bil. col. y n. ; _c25 cm. |
||
| 610 | 2 | 4 |
_aMonasterio de Santa Marta de Tera. _9156141 |
| 710 | 2 |
_aCentro de Estudios Benaventanos "Ledo del Pozo" _9144530 |
|
| 852 |
_aES-MaACL _jA-13319 _9162239 _bR.150318 _cDEPO1 _dOlim: N-13319 _hDonación: Centro de Estudios Benaventanos |
||
| 914 |
_9144530 _aCentro de Estudios Benaventanos "Ledo del Pozo" _ednr |
||
| 942 |
_2udc _cMONOGRAFIA |
||
| 999 |
_c156477 _d156477 |
||